| 000 | 00374nam a2200145 4500 | ||
|---|---|---|---|
| 005 | 20260317141319.0 | ||
| 008 | 260317b |||||||| |||| 00| 0 eng d | ||
| 020 |
_a9781844779994 _qpbk |
||
| 041 | _aeng | ||
| 082 |
_a641.813 _bSHE |
||
| 245 | _aThe complete book of 400 soups | ||
| 260 |
_aNew york _bHermes house _c2005 |
||
| 300 | _a512 p.: ill.: 23 c.m. | ||
| 942 | _cREF | ||
| 999 |
_c617775 _d617775 |
||